<?xml version="1.0" encoding="UTF-8"?>
<record
    xmlns:xsi="http://www.w3.org/2001/XMLSchema-instance"
    xsi:schemaLocation="http://www.loc.gov/MARC21/slim http://www.loc.gov/standards/marcxml/schema/MARC21slim.xsd"
    xmlns="http://www.loc.gov/MARC21/slim">

  <leader>00512nam a22001697a 4500</leader>
  <controlfield tag="003">UA-OsUOA</controlfield>
  <controlfield tag="001"> 19354 </controlfield>
  <controlfield tag="007">ta</controlfield>
  <controlfield tag="008">20040811b un ||||| |||| 00| 0 ukr d</controlfield>
  <datafield tag="942" ind1=" " ind2=" ">
    <subfield code="c">SA</subfield>
  </datafield>
  <datafield tag="040" ind1=" " ind2=" ">
    <subfield code="a">UA-OsUOA</subfield>
    <subfield code="c">UA-OsUOA</subfield>
    <subfield code="d">UA-OsUOA</subfield>
  </datafield>
  <datafield tag="245" ind1=" " ind2=" ">
    <subfield code="a">&#x41C;&#x438;&#x442;&#x440;&#x43E;&#x43F;&#x43E;&#x43B;&#x438;&#x442; &#x412;&#x43E;&#x43B;&#x43E;&#x434;&#x438;&#x43C;&#x438;&#x440; &#x432;&#x456;&#x434;&#x432;&#x456;&#x434;&#x430;&#x432; &#x420;&#x456;&#x432;&#x43D;&#x435;&#x43D;&#x449;&#x438;&#x43D;&#x443;</subfield>
  </datafield>
  <datafield tag="300" ind1=" " ind2=" ">
    <subfield code="a">&#x421;.3</subfield>
  </datafield>
  <datafield tag="955" ind1=" " ind2=" ">
    <subfield code="a">0</subfield>
  </datafield>
  <datafield tag="773" ind1="0" ind2=" ">
    <subfield code="w">0</subfield>
    <subfield code="t">&#x420;&#x456;&#x432;&#x43D;&#x435;&#x43D;&#x441;&#x44C;&#x43A;&#x430; &#x433;&#x430;&#x437;&#x435;&#x442;&#x430;</subfield>
    <subfield code="d">&#x420;&#x456;&#x432;&#x43D;&#x435;</subfield>
    <subfield code="d">2004</subfield>
    <subfield code="g">&#x2116;68/9 &#x441;&#x435;&#x440;&#x43F;./</subfield>
  </datafield>
  <datafield tag="650" ind1=" " ind2="7">
    <subfield code="a">&#x412;&#x43E;&#x43B;&#x43E;&#x434;&#x438;&#x43C;&#x438;&#x440; , &#x43C;&#x438;&#x442;&#x440;&#x43E;&#x43F;&#x43E;&#x43B;&#x438;&#x442;</subfield>
    <subfield code="2">UDC</subfield>
  </datafield>
  <datafield tag="999" ind1=" " ind2=" ">
    <subfield code="c">305525</subfield>
    <subfield code="d">305525</subfield>
  </datafield>
</record>
